000 00593nam a2200217Ia 4500
003 OSt
005 20220928142448.0
006 a|||||r|||| 00| 0
007 ta
008 220927b |||||||| |||| 00| 0 eng d
024 _a19764
037 _cTextual
040 _aSDCL
_cSDCL
_beng
041 _2eng
_aeng
082 _aP15:1, 152L3
100 _aVerma Siddheswar
_9503651
245 0 _aPrachin bhartiya vaiyakarno ke dhvanyatmak vicharon ka vivechnatmak adhyayan.
260 _c1973
942 _hP15:1, 152L3
_cTEXL
_2CC
999 _c821928
_d821928